000 00550nam a2200169 4500
001 109049
003 ES-MaACL
005 20230906184750.0
007 t|
008 061121s1957 sp r ||||1| spa d
100 1 _aMiró, Adrián.
_981595
245 1 0 _aGonzalo Cantó
_b: Su vida. Su teatro. Su poesía /
_cAdrián Miró.
260 _aAlcoy :
_bInstituto Alcoyano de Cultura `Andrés Sempere`,
_c1957.
300 _a43 p. ;
_c21 cm.
710 2 _aInstituto Alcoyano de Cultura "Andrés Sempere"
_94790
852 _aES-MaACL
_j1996-F-18
_bR.40240
999 _c109049
_d109049